Every Major City in Italy - Statistics

General Stats
  • This quiz has been taken 36 times
  • The average score is 9 of 13
Answer Stats
Answer % Correct
Rome
100%
Milan
94%
Venice
91%
Naples
88%
Florence
79%
Turin
79%
Palermo
76%
Bologna
68%
Verona
65%
Bari
62%
Catania
56%
Triest
35%
Genova
32%
No matching quizzes found
Score Distribution
Percent of People with Each Score
Percentile by Number Answered
Your Score History
You have not taken this quiz